Datum a čas kvízu
42.5
Celkem bodů
Celkový počet nahraných bodů na tomto kvízu bez doplňovacích otázek.
2.
Pořadí na kvízu
Konečné umístění týmu na tomto kvízu.
Zaznamenané odpovědi
| # | Otázka | Odpověď | Body | Výsledky |
|---|---|---|---|---|
| 1. | Z baziliky v Jablonném v Podje... | C | 1 | |
| 2. | Italská vesnice Punta Marina č... | pávy | 1 | |
| 3. | V neděli večer jsme se ve velk... | Vavřinec Hradilek, Tomáš Slavík | 0 | |
| 4. | Ministr spravedlnosti Jeroným... | B) 3 lety | 0 | |
| 5. | Jak se jmenuje český basketbal... | Jan Veselý | 1 | |
| 6. | Vítězné téma facebookového hla... | 36 týmů | 1 | |
| 7. | Ve kterých třech jazycích je s... | angličtina, francouzština, němčina | 0.5 | |
| 8. | Pokud budeme počítat i předchů... | C | 0 | |
| 9. | K památnému finále došlo v roc... | Vladimír Šmicer, Milan Baroš | 1 | |
| 10. | Historicky nejlepšími střelci... | Robert Lewandowski | 1 |